|
|
|
|
| LEADER |
00000nab a2200000 a 4500 |
| 001 |
vtls010866463 |
| 003 |
SK-MaSNL |
| 005 |
20260303192810.0 |
| 008 |
150903c2014 xo wr n 0 0slo |
| 038 |
|
|
|a SLLK
|
| 040 |
|
|
|a SLLK
|b slo
|c sllk
|e AACR2
|
| 041 |
|
|
|a slo
|
| 044 |
|
|
|a xo
|c SK
|
| 080 |
|
|
|a 796.325
|x (437.6)
|2 2001
|
| 245 |
0 |
0 |
|a Prešovský valec Ľubovňania nezastavili
|c Text a foto (J.P.)
|
| 300 |
|
|
|b Fotogr.
|
| 610 |
2 |
7 |
|a Volejbalový klub mesta Stará Ľubovňa
|2 sllk
|9 1036307
|
| 610 |
2 |
7 |
|a VK Mirad PU Prešov
|2 sllk
|9 1097058
|
| 648 |
|
7 |
|a 2014
|2 snkbucl
|9 334827
|
| 650 |
0 |
7 |
|a volejbal
|2 snkbucl
|9 3294
|
| 650 |
0 |
7 |
|a šport
|2 SNKPH
|9 1042
|
| 651 |
|
7 |
|a Stará Ľubovňa (Slovensko)
|2 snkbucl
|9 19193
|
| 651 |
|
7 |
|a Prešov (Slovensko)
|2 snkbucl
|9 17347
|
| 773 |
0 |
|
|t Ľubovnianske noviny
|g Roč. XXXIX, č. 42 (2014), s. 10
|x 1338-0346
|
| 999 |
|
|
|c 2148786
|d 2150716
|